| 000 | 02630nam a22002894c 4500 | ||
|---|---|---|---|
| 003 | AR-BaSMT | ||
| 008 | 231201b2026 ag |||gr|||| 001 0 spa d | ||
| 020 | _a9789876676236 | ||
| 040 |
_aBSGB _bespañol _erda |
||
| 041 | 0 |
_aspa _hespañol |
|
| 080 | _a37 | ||
| 100 | 1 |
_aZysman, María _9465 |
|
| 245 | 1 | 0 |
_aLo que los chicos callan _b: Recursos para adultos que quieren intevenir a tiempo |
| 250 | _aprimera edición | ||
| 264 | 1 |
_aBuenos Aires : _bBonum, _c2026 |
|
| 300 | _a136 páginas. | ||
| 336 |
_2rdacontent _atexto _btxt |
||
| 337 |
_2rdamedia _asin mediación _bn |
||
| 338 |
_2rdacarrier _acolúmen _bnc |
||
| 505 | _aÍndice: Prólogo -- 7 Introducción -- 11 C1. Cuando empiezan miedos y confusiones. Rondas, cuentos, canciones y bloques -- 17 C2. Amigos, cuadernos y cartucheras -- 39 C3. Secretos nuevos, lealtades y traiciones -- 57 C4. Entre la necesidad de pertenecer y el miedo a quedar afuera -- 73 C5. La búsqueda de identidad y el espacio de los otros -- 91 C6. ¿Por qué los chicos callan? -- 109 Anexo. Por Sofýa Zysman -- 123 Cierre -- 129 Bibliografía -- 135 | ||
| 520 |
_a¿Qué callan los chicos hoy?
Callan lo que les duele, lo que los confunde, lo que les da miedo. Callan para no perder amigos, para no quedar expuestos, para no preocupar a los adultos o porque sienten —muchas veces con razón— que nadie sabrá qué hacer con eso que les pasa.
Este libro nace de más de treinta años de escucha en escuelas y espacios educativos. Recorre las distintas etapas del desarrollo —nivel inicial, primario y secundario— para diferenciar conductas esperables, evolutivas de aquellas que requieren intervención adulta.
Aborda el bullying y el ciberbullying, el impacto del mundo digital en los vínculos, el consumo silencioso de pornografía, las apuestas online y los secretos que pesan demasiado para ser llevados en soledad.
Lo que los chicos callan no ofrece recetas rápidas. Propone una mirada profunda sobre la responsabilidad adulta: crear contextos donde hablar no sea un riesgo y donde ningún chico quede solo frente al dolor.
Dirigido a familias, profesionales de la salud y la educación, invita a escuchar mejor, a intervenir a tiempo y a construir redes de cuidado reales —en el patio físico y en el digital— para que crecer no implique callar lo que lastima.
Porque los chicos no necesitan que les pidamos que hablen.
Necesitan adultos dispuestos a escuchar. _uContratapa |
||
| 521 | _aPúblico genetal | ||
| 650 | 7 |
_918 _aEDUCACIÓN _zArgentina |
|
| 653 | 2 |
_aBullying _aCiberbullying _aMundo Digital |
|
| 942 |
_2udc _aBOOK |
||
| 999 |
_c624 _d624 |
||